<?xml version="1.0" encoding="UTF-8"?>
<record
    xmlns:xsi="http://www.w3.org/2001/XMLSchema-instance"
    xsi:schemaLocation="http://www.loc.gov/MARC21/slim http://www.loc.gov/standards/marcxml/schema/MARC21slim.xsd"
    xmlns="http://www.loc.gov/MARC21/slim">

  <leader>01043nam a2200241 a 4500</leader>
  <controlfield tag="001">BRCA_8743</controlfield>
  <controlfield tag="005">20190320210404.0</controlfield>
  <controlfield tag="008">240217s1753----sp-#######---#000-0#spa-#</controlfield>
  <datafield tag="041" ind1=" " ind2=" ">
    <subfield code="a">spa</subfield>
  </datafield>
  <datafield tag="044" ind1=" " ind2=" ">
    <subfield code="a">sp</subfield>
  </datafield>
  <datafield tag="084" ind1=" " ind2=" ">
    <subfield code="a">BE101</subfield>
    <subfield code="p">.F45 1753</subfield>
  </datafield>
  <datafield tag="100" ind1="1" ind2=" ">
    <subfield code="a">Feij&#xF3;o, Benito Geronymo</subfield>
    <subfield code="d">1676 - 1764</subfield>
    <subfield code="9">21772</subfield>
  </datafield>
  <datafield tag="245" ind1="1" ind2="0">
    <subfield code="a">Theatro critico universal, &#xF3; discursos varios en todo genero de materias, para desenga&#xF1;o de errores comunes</subfield>
    <subfield code="c">escrito por el M.R. Padre Maestro Fr. Benito Geronymo Feijo&#xF3;...</subfield>
  </datafield>
  <datafield tag="260" ind1=" " ind2=" ">
    <subfield code="a">Madrid</subfield>
    <subfield code="b">En la Oficina de Antonio P&#xE9;rez de Soto</subfield>
    <subfield code="c">1753</subfield>
  </datafield>
  <datafield tag="300" ind1=" " ind2=" ">
    <subfield code="a">[46], 420 p. (t.6), 4ta imp.</subfield>
    <subfield code="c">20.5 x 15 cm.</subfield>
  </datafield>
  <datafield tag="500" ind1=" " ind2=" ">
    <subfield code="a">Con privilegio</subfield>
  </datafield>
  <datafield tag="500" ind1=" " ind2=" ">
    <subfield code="a">En portada: Dedicado al eminentissimo, y reverendissimo se&#xF1;or Cardenal de Molina, &amp;c.</subfield>
  </datafield>
  <datafield tag="500" ind1=" " ind2=" ">
    <subfield code="a">Estado f&#xED;sico: presenta encuadernaci&#xF3;n en pergamino y desprendida; con algunas hojas manchadas, carece de cintas y presencia del pez de plata</subfield>
  </datafield>
  <datafield tag="650" ind1="1" ind2="4">
    <subfield code="a">Espa&#xF1;ol drama</subfield>
    <subfield code="9">21773</subfield>
  </datafield>
  <datafield tag="700" ind1="1" ind2=" ">
    <subfield code="a">Perez de Soto, Antonio</subfield>
    <subfield code="e">Impresor</subfield>
    <subfield code="9">21774</subfield>
  </datafield>
  <datafield tag="902" ind1=" " ind2=" ">
    <subfield code="a">CFM</subfield>
  </datafield>
  <datafield tag="942" ind1=" " ind2=" ">
    <subfield code="2">lcc</subfield>
    <subfield code="c">B</subfield>
  </datafield>
  <datafield tag="999" ind1=" " ind2=" ">
    <subfield code="c">8395</subfield>
    <subfield code="d">8395</subfield>
  </datafield>
  <datafield tag="952" ind1=" " ind2=" ">
    <subfield code="0">0</subfield>
    <subfield code="1">0</subfield>
    <subfield code="4">0</subfield>
    <subfield code="7">0</subfield>
    <subfield code="a">BRCA</subfield>
    <subfield code="b">BRCA</subfield>
    <subfield code="d">2017-02-24</subfield>
    <subfield code="l">0</subfield>
    <subfield code="o">BE101 .F45 1753</subfield>
    <subfield code="p">CFM00078</subfield>
    <subfield code="r">2019-03-22 00:00:00</subfield>
    <subfield code="w">2019-03-22</subfield>
    <subfield code="y">B</subfield>
  </datafield>
</record>
